书目信息 |
| 题名: |
康有为的改革思想与明治日本
|
|
| 作者: | 朱忆天 著 | |
| 分册: | ||
| 出版信息: | 上海 上海人民出版社 2011.06 |
|
| 页数: | 254页 | |
| 开本: | 23cm | |
| 丛书名: | ||
| 单 册: | ||
| 中图分类: | D092.52 | |
| 科图分类: | ||
| 主题词: | ||
| 电子资源: | ||
| ISBN: | 978-7-208-09920-3 | |
| 000 | 00939nam0 2200253 450 | |
| 001 | 005445384 | |
| 005 | 20120618151623.81 | |
| 010 | @a978-7-208-09920-3@dCNY32.00 | |
| 100 | @a20111022d2011 em y0chiy0110 ea | |
| 101 | 0 | @achi |
| 102 | @aCN@b310000 | |
| 105 | @ay z 000yy | |
| 106 | @ar | |
| 200 | 1 | @a康有为的改革思想与明治日本@9kang you wei de gai ge si xiang yu ming zhi ri ben@f朱忆天著 |
| 210 | @a上海@c上海人民出版社@d2011.06 | |
| 215 | @a254页@d23cm | |
| 300 | @a“创价大学中日友好学术研究资助”项目 | |
| 330 | @a本书内容包括:康有为摄取西洋及明治日本知识的背景、康有为对明治日本的误读、日本和中国国内对康有为变法思想的反应、变法运动的反思和超越——后期康有为的思想、康有为的思想遗产及其日本观的走向。 | |
| 600 | 0 | @a康有为@f(1858-1927)@x政治思想@x研究 |
| 600 | 0 | @a康有为@f(1858-1927) |
| 690 | @aD092.52@v4 | |
| 701 | 0 | @a朱忆天@9zhu yi tian@4著 |
| 801 | 0 | @aCN@bNLC@c20120120 |
| 905 | @b539273-77@dD092.52@e134@f5 | |
| 康有为的改革思想与明治日本/朱忆天著.-上海:上海人民出版社,2011.06 |
| 254页;23cm |
| “创价大学中日友好学术研究资助”项目 |
| ISBN 978-7-208-09920-3:CNY32.00 |
| 本书内容包括:康有为摄取西洋及明治日本知识的背景、康有为对明治日本的误读、日本和中国国内对康有为变法思想的反应、变法运动的反思和超越——后期康有为的思想、康有为的思想遗产及其日本观的走向。 |
| ● |
| 相关链接 |
|
|
|
|
正题名:康有为的改革思想与明治日本
索取号:D092.52/134
 
预约/预借
| 序号 | 登录号 | 条形码 | 馆藏地/架位号 | 状态 | 备注 |
| 1 | 539273 | 205392733 | 第一样本阅览室/ [索取号:D092.52/134] | 在馆 | |
| 2 | 539274 | 205392742 | 第一借阅区/ [索取号:D092.52/134] | 在馆 | |
| 3 | 539275 | 205392751 | 第一借阅区/ [索取号:D092.52/134] | 在馆 | |
| 4 | 539276 | 205392760 | 第一借阅区/ [索取号:D092.52/134] | 在馆 | |
| 5 | 539277 | 205392779 | 第一借阅区/ [索取号:D092.52/134] | 在馆 |